Computer science: A structured programming approach in C (Record no. 360752)

MARC details
000 -LEADER
fixed length control field 00601 a2200217 4500
005 - DATE & TIME
control field 20250201160950.0
008 - FIXED-LENGTH DATA ELEMENTS--GENERAL INFORMATION
fixed length control field 250131b |||||||| |||| 00| 0 eng d
020 ## - ISBN
International Standard Book Number 9789360538415
Price Rs. 895.00
040 ## - CATALOGING SOURCE
Original cataloging agency VIVEKANANDA LIBRARY
082 ## - DDC NUMBER
Classification number 005.133
Book Number A96C(4)
100 ## - MAIN ENTRY--PERSONAL NAME
Personal name Forouzan, Behrouz A
245 ## - TITLE STATEMENT
Title Computer science: A structured programming approach in C
250 ## - EDITION STATEMENT
Edition statement 4th
260 ## - PUBLICATION, DISTRIBUTION, ETC. (IMPRINT)
Name of publisher, distributor, etc Cengage Learning India
Place of publication, distribution, etc Delhi
Date of publication, distribution, etc 2025
300 ## - PHYSICAL DESCRIPTION
Pages xvii, 883
650 ## - Subject
Subject Computer Science
650 ## - Subject
Subject Structured Programming
650 ## - Subject
Subject Computer Language
700 ## - Added Entry Personal Name
Added Entry Personal Name Afyouni, Hassan
942 ## - ADDED ENTRY ELEMENTS (KOHA)
Koha item type Books
Holdings
Withdrawn status Lost status Source of classification or shelving scheme Damaged status Not for loan Location (home branch) Sublocation or collection (holding branch) Shelving location Date acquired Koha issues (times borrowed) Koha full call number Accession No. Koha date last seen Koha item type
    Dewey Decimal Classification     VIVEKANANDA LIBRARY VIVEKANANDA LIBRARY Vivekananda Library 20/01/2025   005.133 A96C(4) 436942 20/01/2025 Books
    Dewey Decimal Classification     VIVEKANANDA LIBRARY VIVEKANANDA LIBRARY Vivekananda Library 20/01/2025   005.133 A96C(4) 436941 20/01/2025 Books
    Dewey Decimal Classification     VIVEKANANDA LIBRARY VIVEKANANDA LIBRARY Vivekananda Library 20/01/2025   005.133 A96C(4) 436945 20/01/2025 Books
    Dewey Decimal Classification     VIVEKANANDA LIBRARY VIVEKANANDA LIBRARY Vivekananda Library 20/01/2025   005.133 A96C(4) 436943 20/01/2025 Books
    Dewey Decimal Classification     VIVEKANANDA LIBRARY VIVEKANANDA LIBRARY Vivekananda Library 20/01/2025   005.133 A96C(4) 436944 20/01/2025 Books
© Designed and Maintained by Vivekananda Library, MDU Rohtak